The wicked redhead /

Ginger Kelly wakes up in 1924 in tranquil Cocoa Beach, Florida, after fleeing to safety with disgraced Prohibition agent Oliver Anson Marshall, and her newly-orphaned young sister, Patsy. But Marshall is reinstated to the agency with suspicious haste to patrol for rumrunners on the high seas. When h...

Full description

Bibliographic Details
Main Author: Williams, Beatriz (Author)
Format: Book
Language:English
Published: New York, NY : William Morrow, an imprint of HarperCollinsPublishers, [2019]
Edition:First edition.
Series:Williams, Beatriz. Wicked city novel ; 2.
Subjects:

MARC

Tag First Indicator Second Indicator Subfields
LEADER 00000cam a2200000Ii 4500
001 in00004137856
008 191129t20192019nyu e 000 1 eng d
005 20250318214256.8
019 |a 1112130033 
020 |a 9780062660312 
020 |a 0062660314  |q (hardcover) 
020 |a 9781635468236 
020 |a 163546823X 
020 |a 0062791516 
020 |a 9780062791511 
035 |a (OCoLC)on1129119021 
035 |a (OCoLC)1129119021  |z (OCoLC)1112130033 
040 |a NjBwBT  |b eng  |e rda  |c FMG  |d FMG  |d OCLCO  |d BDX  |d GO4  |d IJ5  |d IEP  |d OCLCQ  |d CHY  |d IUK  |d YDX  |d CHY 
043 |a n-us-ny 
050 1 4 |a PS3623.I55643  |b W55 2019 
082 0 4 |a 813/.6  |2 23 
100 1 |a Williams, Beatriz,  |e author. 
245 1 4 |a The wicked redhead /  |c Beatriz Williams. 
250 |a First edition. 
264 1 |a New York, NY :  |b William Morrow, an imprint of HarperCollinsPublishers,  |c [2019] 
264 4 |c ©2019 
300 |a 406, 18 pages ;  |c 24 cm 
336 |a text  |b txt  |2 rdacontent 
337 |a unmediated  |b n  |2 rdamedia 
338 |a volume  |b nc  |2 rdacarrier 
490 1 |a Wicked city novel ;  |v [2] 
500 |a Series numeration from www.goodreads.com. 
500 |a Includes reading group guide and excerpt from The Golden Hour. 
520 |a Ginger Kelly wakes up in 1924 in tranquil Cocoa Beach, Florida, after fleeing to safety with disgraced Prohibition agent Oliver Anson Marshall, and her newly-orphaned young sister, Patsy. But Marshall is reinstated to the agency with suspicious haste to patrol for rumrunners on the high seas. When he promptly disappears, Gin hurries north to rescue him, only to be trapped in an agonizing moral quandary by Marshall's desperate mother. In 1998, Ella Dommerich is settled into her new life in Greenwich Village, inside the same apartment where a certain redheaded flapper lived long ago. Having quit her job at an accounting firm, cut ties with her unfaithful ex-husband, and begun a love affair with her musician neighbor, Hector, Ella's eager to piece together the history of the mysterious Gin Kelly, whose only physical trace is a series of rare vintage photograph cards for which she modeled before her disappearance. Two women, two generations, and two urgent quests will require both women's strength and determination to outwit a conspiracy spanning decades. 
650 0 |a Triangles (Interpersonal relations)  |v Fiction. 
650 0 |a Socialites  |v Fiction. 
650 0 |a Nineteen twenties  |v Fiction. 
651 0 |a New York (N.Y.)  |x History  |y 1898-1951  |v Fiction. 
650 7 |a FICTION  |x Historical.  |2 bisacsh 
650 7 |a FICTION  |x Romance  |x Historical  |x 20th Century.  |2 bisacsh 
650 7 |a FICTION  |x Women.  |2 bisacsh 
655 7 |a Romance fiction.  |2 lcgft 
800 1 |a Williams, Beatriz.  |t Wicked city novel ;  |v 2. 
852 8 |b pda,print  |z This title is available for the library to purchase for your use. Click the "Purchase It For Me" button to place a request. This item may take 5-10 business days to arrive. 
955 |a Print PDA title 
999 f f |s 5f807946-6fe0-4f81-833e-6e0c90eb161b  |i 22add4c9-73c3-3bad-8a62-95a579c9c30f  |t 0 
952 f f |a Texas A&M University  |b College Station  |c Sterling C. Evans Library  |d Purchase on Demand  |t 0  |e PS3623.I55643 W55 2019  |h Library of Congress classification 
998 f f |a PS3623.I55643 W55 2019  |t 0  |l Purchase on Demand